Metallica songs by meaning - Statistics

General Stats
  • This quiz has been taken 43 times
  • The average score is 8 of 11
Answer Stats
Hint Answer % Correct
A child's bad dreams using a mythical figure who brings dreams Enter Sandman
100%
A criticism of drug addiction and the misery and suffering associated with drug abuse Master of Puppets
97%
An anti war song based on a soldier who is brutally disfigured by a landmine One
97%
An inmate awaiting execution by electricchair and the theme of forced death itself Ride the Lightning
97%
The horsemen of the apocalypse The four horsemen
94%
James Hetfield's love of cars and the chase and thrill of adrenaline Fuel
84%
Suicidal feelings and the loss of the will to live Fade to Black
81%
A critique of corruption, government, social inequality and the wealthy manipulating the legal and political systems for their own benefit And Justice for all
69%
The end of the world via a huge nuclear war Blackened
59%
A childhood trauma and a sheltered, overprotective religious upbringing Dyers Eve
31%
A man experiencing increasing paranoia and the following mental breakdown The frayed ends ofSanity
25%
No matching quizzes found
Score Distribution
Percent of People with Each Score
Percentile by Number Answered
Your Score History
You have not taken this quiz